Official Country Names - Statistics

General Stats
  • This quiz has been taken 10 times
  • The average score is 100 of 196
Answer Stats
Hint Answer % Correct
Micronesia Federated States of Micronesia
71%
China People's Republic of China
71%
Austria Republic of Austria
71%
Chile Republic of Chile
71%
Costa Rica Republic of Costa Rica
71%
Cyprus Republic of Cyprus
71%
Kenya Republic of Kenya
71%
Lithuania Republic of Lithuania
71%
Mauritius Republic of Mauritius
71%
The Gambia Republic of The Gambia
71%
Bosnia and Herzegovina Bosnia and Herzegovina
57%
Central African Republic Central African Republic
57%
Australia Commonwealth of Australia
57%
Czech Republic Czech Republic
57%
North Korea Democratic People's Republic of Korea
57%
Democratic Republic of the Congo Democratic Republic of the Congo
57%
Dominican Republic Dominican Republic
57%
France French Republic
57%
Italy Italian Republic
57%
Denmark Kingdom of Denmark
57%
Norway Kingdom of Norway
57%
Saudi Arabia Kingdom of Saudi Arabia
57%
Spain Kingdom of Spain
57%
Sweden Kingdom of Sweden
57%
Netherlands Kingdom of the Netherlands
57%
Andorra Principality of Andorra
57%
Liechtenstein Principality of Liechtenstein
57%
Monaco Principality of Monaco
57%
Albania Republic of Albania
57%
Angola Republic of Angola
57%
Armenia Republic of Armenia
57%
Azerbaijan Republic of Azerbaijan
57%
Belarus Republic of Belarus
57%
Benin Republic of Benin
57%
Botswana Republic of Botswana
57%
Bulgaria Republic of Bulgaria
57%
Burundi Republic of Burundi
57%
Cabo Verde Republic of Cabo Verde
57%
Cameroon Republic of Cameroon
57%
Chad Republic of Chad
57%
Taiwan Republic of China
57%
Colombia Republic of Colombia
57%
Côte d'Ivoire Republic of Côte d'Ivoire
57%
Croatia Republic of Croatia
57%
Cuba Republic of Cuba
57%
Djibouti Republic of Djibouti
57%
Ecuador Republic of Ecuador
57%
El Salvador Republic of El Salvador
57%
Equatorial Guinea Republic of Equatorial Guinea
57%
Estonia Republic of Estonia
57%
Fiji Republic of Fiji
57%
Finland Republic of Finland
57%
Ghana Republic of Ghana
57%
Guatemala Republic of Guatemala
57%
Guinea Republic of Guinea
57%
Guinea-Bissau Republic of Guinea-Bissau
57%
Haiti Republic of Haiti
57%
Honduras Republic of Honduras
57%
Hungary Republic of Hungary
57%
Iceland Republic of Iceland
57%
India Republic of India
57%
Indonesia Republic of Indonesia
57%
Iraq Republic of Iraq
57%
Kazakhstan Republic of Kazakhstan
57%
Kiribati Republic of Kiribati
57%
South Korea Republic of Korea
57%
Kosovo Republic of Kosovo
57%
Latvia Republic of Latvia
57%
Lebanon Republic of Lebanon
57%
Liberia Republic of Liberia
57%
Madagascar Republic of Madagascar
57%
Malawi Republic of Malawi
57%
Mali Republic of Mali
57%
Malta Republic of Malta
57%
Moldova Republic of Moldova
57%
Mozambique Republic of Mozambique
57%
Namibia Republic of Namibia
57%
Nauru Republic of Nauru
57%
Nicaragua Republic of Nicaragua
57%
Macedonia Republic of North Macedonia
57%
Palau Republic of Palau
57%
Panama Republic of Panama
57%
Peru Republic of Peru
57%
Poland Republic of Poland
57%
Rwanda Republic of Rwanda
57%
San Marino Republic of San Marino
57%
Senegal Republic of Senegal
57%
Serbia Republic of Serbia
57%
Seychelles Republic of Seychelles
57%
Sierra Leone Republic of Sierra Leone
57%
Singapore Republic of Singapore
57%
Slovenia Republic of Slovenia
57%
South Africa Republic of South Africa
57%
South Sudan Republic of South Sudan
57%
Suriname Republic of Suriname
57%
Tajikistan Republic of Tajikistan
57%
Republic of the Congo Republic of the Congo
57%
Marshall Islands Republic of the Marshall Islands
57%
Niger Republic of the Niger
57%
Philippines Republic of the Philippines
57%
Trinidad and Tobago Republic of Trinidad and Tobago
57%
Tunisia Republic of Tunisia
57%
Uganda Republic of Uganda
57%
Uzbekistan Republic of Uzbekistan
57%
Vanuatu Republic of Vanuatu
57%
Yemen Republic of Yemen
57%
Zambia Republic of Zambia
57%
Russia Russian Federation
57%
United Arab Emirates United Arab Emirates
57%
United Kingdom United Kingdom of Great Britain and Northern Ireland
57%
Antigua and Barbuda Antigua and Barbuda
43%
Egypt Arab Republic of Egypt
43%
Argentina Argentine Republic
43%
Barbados Barbados
43%
Belize Belize
43%
Venezuela Bolivarian Republic of Venezuela
43%
Burkina Faso Burkina Faso
43%
Canada Canada
43%
Dominica Commonwealth of Dominica
43%
Guyana Co-operative Republic of Guyana
43%
São Tomé and Príncipe Democratic Republic of São Tomé and Príncipe
43%
Timor-Leste Democratic Republic of Timor-Leste
43%
Sri Lanka Democratic Socialist Republic of Sri Lanka
43%
Ethiopia Federal Democratic Republic of Ethiopia
43%
Nepal Federal Democratic Republic of Nepal
43%
Germany Federal Republic of Germany
43%
Nigeria Federal Republic of Nigeria
43%
Saint Kitts and Nevis Federation of Saint Christopher and Nevis
43%
Brazil Federative Republic of Brazil
43%
Gabon Gabonese Republic
43%
Georgia Georgia
43%
Luxembourg Grand Duchy of Luxembourg
43%
Grenada Grenada
43%
Jordan Hashemite Kingdom of Jordan
43%
Greece Hellenic Republic
43%
Papua New Guinea Independent State of Papua New Guinea
43%
Samoa Independent State of Samoa
43%
Ireland Ireland
43%
Afghanistan Islamic Emirate of Afghanistan
43%
Iran Islamic Republic of Iran
43%
Mauritania Islamic Republic of Mauritania
43%
Pakistan Islamic Republic of Pakistan
43%
Jamaica Jamaica
43%
Japan Japan
43%
Bahrain Kingdom of Bahrain
43%
Belgium Kingdom of Belgium
43%
Bhutan Kingdom of Bhutan
43%
Cambodia Kingdom of Cambodia
43%
Eswatini Kingdom of Eswatini
43%
Lesotho Kingdom of Lesotho
43%
Morocco Kingdom of Morocco
43%
Thailand Kingdom of Thailand
43%
Tonga Kingdom of Tonga
43%
Kyrgyzstan Kyrgyz Republic
43%
Laos Lao People's Democratic Republic
43%
Malaysia Malaysia
43%
Mongolia Mongolia
43%
Montenegro Montenegro
43%
New Zealand New Zealand
43%
Uruguay Oriental Republic of Uruguay
43%
Algeria People's Democratic Republic of Algeria
43%
Bangladesh People's Republic of Bangladesh
43%
Bolivia Plurinational State of Bolivia
43%
Portugal Portuguese Republic
43%
Maldives Republic of Maldives
43%
Paraguay Republic of Paraguay
43%
Sudan Republic of the Sudan
43%
Myanmar Republic of the Union of Myanmar
43%
Turkey Republic of Türkiye
43%
Zimbabwe Republic of Zimbabwe
43%
Romania Romania
43%
Saint Lucia Saint Lucia
43%
Saint Vincent and the Grenadines Saint Vincent and the Grenadines
43%
Slovakia Slovak Republic
43%
Vietnam Socialist Republic of Vietnam
43%
Solomon Islands Solomon Islands
43%
Eritrea State of Eritrea
43%
Kuwait State of Kuwait
43%
Libya State of Libya
43%
Qatar State of Qatar
43%
Oman Sultanate of Oman
43%
Switzerland Swiss Confederation
43%
Bahamas The Commonwealth of the Bahamas
43%
Togo Togolese Republic
43%
Turkmenistan Turkmenistan
43%
Tuvalu Tuvalu
43%
Ukraine Ukraine
43%
Comoros Union of the Comoros
43%
Mexico United Mexican States
43%
Tanzania United Republic of Tanzania
43%
Vatican City Vatican City State
43%
Somalia Federal Republic of Somaia
29%
Brunei Negara Brunei Darussalam
29%
Syria Syrian Arab Republic
29%
United States United States of America
14%
Israel State of Israel
0%
No matching quizzes found
Score Distribution
Percent of People with Each Score
Percentile by Number Answered
Your Score History
You have not taken this quiz